Theory of Groups of Finite Order / (Record no. 540598)
[ view plain ]
| 000 -LEADER | |
|---|---|
| fixed length control field | 01214cam a2200313 a 4500 |
| 001 - CONTROL NUMBER | |
| control field | 13460655 |
| 003 - CONTROL NUMBER IDENTIFIER | |
| control field | NUST |
| 005 - DATE AND TIME OF LATEST TRANSACTION | |
| control field | 20210914153505.0 |
| 008 - FIXED-LENGTH DATA ELEMENTS--GENERAL INFORMATION | |
| fixed length control field | 040116r20041911nyua b 001 0 eng |
| 010 ## - LIBRARY OF CONGRESS CONTROL NUMBER | |
| LC control number | 2004041431 |
| 020 ## - INTERNATIONAL STANDARD BOOK NUMBER | |
| International Standard Book Number | 9780486816913 |
| 038 ## - RECORD CONTENT LICENSOR | |
| Staff Name | khadija |
| 040 ## - CATALOGING SOURCE | |
| Original cataloging agency | DLC |
| Transcribing agency | DLC |
| Modifying agency | DLC |
| 050 00 - LIBRARY OF CONGRESS CALL NUMBER | |
| Classification number | QA174.2 |
| Item number | .B77 2004 |
| 082 00 - DEWEY DECIMAL CLASSIFICATION NUMBER | |
| Classification number | 512.23 |
| Edition number | 22 |
| Author Mark | BUR |
| 100 1# - MAIN ENTRY--PERSONAL NAME | |
| Personal name | Burnside, William S. |
| Dates associated with a name | 1852-1927. |
| 9 (RLIN) | 34706 |
| 245 10 - TITLE STATEMENT | |
| Title | Theory of Groups of Finite Order / |
| Statement of responsibility, etc. | by W.S. Burnside. |
| 260 ## - PUBLICATION, DISTRIBUTION, ETC. | |
| Place of publication, distribution, etc. | Mineola, N.Y. : |
| Name of publisher, distributor, etc. | Dover Publications, |
| Date of publication, distribution, etc. | 2017. |
| 300 ## - PHYSICAL DESCRIPTION | |
| Extent | xxiv, 512 p. : |
| Other physical details | ill. ; |
| Dimensions | 23 cm. |
| 440 #0 - SERIES STATEMENT/ADDED ENTRY--TITLE | |
| Title | Dover phoenix editions |
| 9 (RLIN) | 34668 |
| 500 ## - GENERAL NOTE | |
| General note | Originally published: 2nd ed. Cambridge : University Press, 1911. |
| 504 ## - BIBLIOGRAPHY, ETC. NOTE | |
| Bibliography, etc. note | Includes bibliographical references and index. |
| 563 ## - BINDING INFORMATION | |
| Binding note | paperback |
| 650 #0 - SUBJECT ADDED ENTRY--TOPICAL TERM | |
| Topical term or geographic name entry element | Group theory. |
| 9 (RLIN) | 10310 |
| 856 42 - ELECTRONIC LOCATION AND ACCESS | |
| Materials specified | Publisher description |
| Uniform Resource Identifier | <a href="http://www.loc.gov/catdir/enhancements/fy0617/2004041431-d.html">http://www.loc.gov/catdir/enhancements/fy0617/2004041431-d.html</a> |
| 906 ## - LOCAL DATA ELEMENT F, LDF (RLIN) | |
| a | 7 |
| b | cbc |
| c | orignew |
| d | 1 |
| e | ocip |
| f | 20 |
| g | y-gencatlg |
| 942 ## - ADDED ENTRY ELEMENTS (KOHA) | |
| Source of classification or shelving scheme | |
| Koha item type | Book |
| Withdrawn status | Lost status | Source of classification or shelving scheme | Damaged status | Not for loan | Permanent Location | Current Location | Shelving location | Date acquired | Full call number | Barcode | Date last seen | Price effective from | Koha item type | Public note |
|---|---|---|---|---|---|---|---|---|---|---|---|---|---|---|
| School of Mechanical & Manufacturing Engineering (SMME) | School of Mechanical & Manufacturing Engineering (SMME) | General Stacks | 10/28/2020 | 512.23 BUR | SMME-3585 | 10/28/2020 | 10/28/2020 | Book | Rack,48-Shelf,4 |
